=LDR 00000nam 2200000 4500 =001 INLIS000000000037155 =005 20130612142911 =008 ***********************************Ind** =035 ##$$0010-061300000037155 =041 ##$$a Ind =082 ##$$a 370.1 =090 ##$$a 370.1, Pra d =100 ##$$a Prayitno =245 ##$$a Dasar teori dan praktek, pendidikan, Prajitno ; editor, Akun Sudiarto, Sugeng AP =260 ##$$a 2009 $b Jakarta =300 ##$$a xxii, 529 hlm, ilus, 22 cm =650 ##$$a Teori pendidikan =850 ##$$a NBPNMAT =990 ##$$a 0001/BPAP-NTB/20142015 =990 ##$$a 0001/BPAP-NTB/2016